000 00651nam a22001337a 4500
040 _crua
082 _aAGR EAN 2021 B1-570 Or.
100 _aEANG MUOYTEANG អៀង មួយទៀង
245 _aUTILIZATION OF POTASSIUM CHLORIDE FERTILIZER ON GROWTH AND YIELD OF EGGPLANT ការប្រើប្រាស់ប៉ូតាស្យូមក្លរួលើការលូតលាស់ និងទិន្នផលដំណាំត្រប់វែង
260 _aPHNOM PENH
_bRUA
_c2021
300 _aX. 41P
_bVII.
_c29CM
856 _uhttps://drive.google.com/file/d/1kjLhJYiq-_DSDpauR0xLiD_DDeGzCbAo/view?usp=sharing
942 _cAGR
999 _c22764
_d22764